Managerial economics / (Record no. 185266)

MARC details
000 -LEADER
fixed length control field 00801nam a2200241Ia 4500
005 - DATE AND TIME OF LATEST TRANSACTION
control field 20260127145154.0
008 - FIXED-LENGTH DATA ELEMENTS--GENERAL INFORMATION
fixed length control field 210716s2011 xx 000 0 und d
020 ## - INTERNATIONAL STANDARD BOOK NUMBER
International Standard Book Number 9780071078030
040 ## - CATALOGING SOURCE
Transcribing agency AIMIT LIBRARY
041 ## - LANGUAGE CODE
Language code of text/sound track or separate title eng
082 ## - DEWEY DECIMAL CLASSIFICATION NUMBER
Classification number 658.001
Edition number 2
Item number GEET
100 ## - MAIN ENTRY--PERSONAL NAME
Personal name Geetika.
9 (RLIN) 19755
245 ## - TITLE STATEMENT
Title Managerial economics /
Statement of responsibility, etc. By Geetika, Piyali Ghosh and Purba Roy Choudhury.
250 ## - EDITION STATEMENT
Edition statement 2nd ed.
260 ## - PUBLICATION, DISTRIBUTION, ETC.
Place of publication, distribution, etc. New Delhi :
Name of publisher, distributor, etc. Tata McGraw Hill Education Private Limited ,
Date of publication, distribution, etc. 2012 .
300 ## - PHYSICAL DESCRIPTION
Extent xxxii,632p. ;
Dimensions 25 cm.
Other physical details PB
650 ## - SUBJECT ADDED ENTRY--TOPICAL TERM
Topical term or geographic name entry element Consumer Preferences and Choice.
9 (RLIN) 19759
650 ## - SUBJECT ADDED ENTRY--TOPICAL TERM
Topical term or geographic name entry element Pricing Decisions.
9 (RLIN) 19760
650 ## - SUBJECT ADDED ENTRY--TOPICAL TERM
Topical term or geographic name entry element Theory of production and cost
9 (RLIN) 252821
700 ## - ADDED ENTRY--PERSONAL NAME
Personal name Ghosh, Piyali.
9 (RLIN) 19756
700 ## - ADDED ENTRY--PERSONAL NAME
Personal name Choudhury, Purba Roy.
9 (RLIN) 19757
942 ## - ADDED ENTRY ELEMENTS (KOHA)
Source of classification or shelving scheme Dewey Decimal Classification
Koha item type Book
Edition 2nd
Call number prefix 658.001 GEET
Holdings
Withdrawn status Lost status Source of classification or shelving scheme Damaged status Not for loan Collection code Home library Current library Date acquired Source of acquisition Total Checkouts Full call number Barcode Date last seen Price effective from Koha item type Cost, normal purchase price Inventory number Date last checked out Cost, replacement price
    Dewey Decimal Classification     MCA St Aloysius Institute of Management & Information Technology St Aloysius Institute of Management & Information Technology 07/16/2021 Donated   658.001 GEET MCA04774 07/21/2025 07/16/2021 Donated Books        
    Dewey Decimal Classification     MBA St Aloysius Institute of Management & Information Technology St Aloysius Institute of Management & Information Technology 10/01/2012   1 658.001 GEET MBA10017 05/23/2026 07/16/2021 Book 365.00 Bill no:1347; Bill dt:2012-09-19 01/29/2025 273.75